Statistiques concernant Dans quel département français se trouve cette station balnéaire ?

Cliquez ici pour prendre le quiz!

Statistiques générales

  • Ce quiz a été pris 188 fois
  • Le résultat moyen est 19 sur 24

Statistiques - réponses

Station balnéaireDépartement% Correct
ArcachonGironde
94%
Saint-TropezVar
92%
La CiotatBouches-du-Rhône
91%
DeauvilleCalvados
89%
Porto-VecchioCorse-du-Sud
89%
BiscarrosseLandes
86%
CarnacMorbihan
86%
RoyanCharente-Maritime
85%
Noirmoutier-en-l'ÎleVendée
85%
Le Touquet-Paris-PlagePas-de-Calais
84%
EtretatSeine-Maritime
84%
Saint-MaloIlle-et-Vilaine
82%
Saint-Jean-de-LuzPyrénées-Atlantiques
82%
GranvilleManche
81%
L'Île-RousseHaute-Corse
79%
Palavas-les-FlotsHérault
79%
PornicLoire-Atlantique
76%
LeffrinckouckeNord
73%
Banyuls-sur-MerPyrénées-orientales
69%
Port Manec'hFinistère
68%
VallaurisAlpes-Maritimes
62%
Port LeucateAude
58%
Mers-les-BainsSomme
51%
Sables-d'Or-les-PinsCôtes-d'Armor
37%

Distribution des résultats

Percentile par nombre de réponses

% des personnes avec chaque résultat

Votre développement - résultats

Vous n’avez pas pris ce quiz